Southville International School and Colleges
Your cart is empty.
  • Cart
  • Lists
    Public lists Eva Luna New books Lux_list list_1
    Your lists Log in to create your own lists
  • Log in to your account
  • Your cookies
  • Search history
Southville International School and Colleges
  • Advanced search
  • Recent comments
  • Most popular
  • Libraries

Log in to your account

Log in with GOOGLE


If you do not have an external account, but do have a local account, you can still log in:

  1. Home
  2. MARC view: Stories by Foreign Authors :
Normal view MARC view ISBD view

Stories by Foreign Authors : (Record no. 234665)

[ view plain ]
MARC details
000 -LEADER
fixed length control field 01125cam a22002893a 4500
001 - CONTROL NUMBER
control field 5336
003 - CONTROL NUMBER IDENTIFIER
control field PGUSA
005 - DATE AND TIME OF LATEST TRANSACTION
control field 20140828083118.0
008 - FIXED-LENGTH DATA ELEMENTS--GENERAL INFORMATION
fixed length control field 040301s2004||||xxu|||||s|||||000 | eng d
040 ## - CATALOGING SOURCE
Original cataloging agency PGUSA
Language of cataloging eng
042 ## - AUTHENTICATION CODE
Authentication code dc
050 #4 - LIBRARY OF CONGRESS CALL NUMBER
Classification number PT
245 10 - TITLE STATEMENT
Title Stories by Foreign Authors :
Remainder of title Scandinavian
Medium [electronic resource]
260 ## - PUBLICATION, DISTRIBUTION, ETC. (IMPRINT)
Name of publisher, distributor, etc Project Gutenberg,
Date of publication, distribution, etc 2004
505 0# - FORMATTED CONTENTS NOTE
Formatted contents note The father / Björnstjerne Björnson -- When father brought home the lamp / Juhani Aho -- The flying mail / M. Goldschmidt -- The railroad and the churchyard / Björnstjerne Björnson -- Two friends / Alexander Kielland -- Hopes / Frederika Bremer.
506 ## - RESTRICTIONS ON ACCESS NOTE
Terms governing access Public domain in the USA.
516 ## - TYPE OF COMPUTER FILE OR DATA NOTE
Type of computer file or data note Electronic text
653 ## - INDEX TERM--UNCONTROLLED
Uncontrolled term Short stories, Scandinavian -- Translations into English
700 1# - ADDED ENTRY--PERSONAL NAME
Personal name Kielland, Alexander Lange,
Dates associated with a name 1849-1906
700 1# - ADDED ENTRY--PERSONAL NAME
Personal name Aho, Juhani,
Dates associated with a name 1861-1921
700 1# - ADDED ENTRY--PERSONAL NAME
Personal name Goldschmidt, Meïr,
Dates associated with a name 1819-1887
700 1# - ADDED ENTRY--PERSONAL NAME
Personal name Bjørnson, Bjørnstjerne,
Dates associated with a name 1832-1910
700 1# - ADDED ENTRY--PERSONAL NAME
Personal name Bremer, Fredrika,
Dates associated with a name 1801-1865
830 #0 - SERIES ADDED ENTRY--UNIFORM TITLE
Uniform title Project Gutenberg
Volume number/sequential designation 5336
856 40 - ELECTRONIC LOCATION AND ACCESS
Uniform Resource Identifier <a href="http://www.gutenberg.org/ebooks/5336">http://www.gutenberg.org/ebooks/5336</a>
942 ## - ADDED ENTRY ELEMENTS (KOHA)
Koha item type eBooks
Holdings
Withdrawn status Lost status Damaged status Home library Current library Date acquired Total Checkouts Date last seen Price effective from Koha item type
      Project Gutenberg Project Gutenberg 08/28/2014   08/28/2014 08/28/2014 eBooks

Stories by Foreign Authors :

APA

Kielland A. L., Aho J., Goldschmidt M., Bjørnson B. & Bremer F. (2004). Stories by Foreign Authors. : Project Gutenberg.

Chicago

Kielland Alexander Lange, Aho Juhani, Goldschmidt Meïr, Bjørnson Bjørnstjerne and Bremer Fredrika. 2004. Stories by Foreign Authors. : Project Gutenberg.

Harvard

Kielland A. L., Aho J., Goldschmidt M., Bjørnson B. and Bremer F. (2004). Stories by Foreign Authors. : Project Gutenberg.

MLA

Kielland Alexander Lange, Aho Juhani, Goldschmidt Meïr, Bjørnson Bjørnstjerne and Bremer Fredrika. Stories by Foreign Authors. : Project Gutenberg. 2004.

  • Place hold
  • Print
  • Cite
  • Add to your cart (remove)
  • Save record
    BIBTEX Dublin Core MARCXML MARC (non-Unicode/MARC-8) MARC (Unicode/UTF-8) MARC (Unicode/UTF-8, Standard) MODS (XML) RIS
  • More searches
    Search for this title in:
    Other Libraries (WorldCat) Other Databases (Google Scholar) Online Stores (Bookfinder.com) Open Library (openlibrary.org)

Exporting to Dublin Core...

SOUTHVILLE LIBRARY

Southville International School and Colleges Library

1281 Tropical Ave. Cor. Luxembourg St., BF Homes International, Las Pinas City

Tel. No. 8256374 / 252358 Loc. 117/146

Powered by Koha